| 000 | 00758nam a2200301Ia 4500 | ||
|---|---|---|---|
| 001 | 53077 | ||
| 003 | IT-RoPAU | ||
| 008 | 130308s9999 xx 000 0 und d | ||
| 040 | _aIT-RoPAU | ||
| 040 | _cIT-RoPAU | ||
| 041 | _aITALIANO | ||
| 100 | _aTestori Giovanni | ||
| 100 | _gCodice Aut. SPICS: 786 | ||
| 245 | _aBandiere e la polvere (Le) | ||
| 245 | _bSironi 1885-1961 | ||
| 250 | _a1a ed. | ||
| 260 | _aMILANO | ||
| 260 | _bMazzotta | ||
| 260 | _c1985 [1° Ed.:1985 - Ed.Ling.Originale:1985] | ||
| 300 | _a"15 p. (prefazione: no ; testo: 15 [pagine: 13-27])" | ||
| 500 | _aMario Sironi | ||
| 650 | _aAUTORI/OPERE DI PITTURA | ||
| 650 | _eCodice materia Spics: 5207 | ||
| 942 | _cBK | ||
| 957 | _71 | ||
| 999 |
_c47904 _d47904 |
||
| 999 | _bSI | ||
| 999 | _g1 | ||